000 00853nam a22002177a 4500
005 20240530110859.0
008 160315s2008 le g b 000 0 ara d
020 _a9789973332035
040 _aEG-CaGPL
082 0 4 _221
_a305.4/
_bص ج
100 0 _aصوفية السحرى بن حتيرة
245 1 2 _aالجسد والمجتمع :
_bدراسة انتروبولوجية لبعض الاعتقادات والتصورات حول الجسد /
_cصوفية السحرى بن حتيرة
250 _aط1.
260 _aبيروت :
_bالانتشار العربى،
_c2008 .
300 _a384 ص ؛
_c24 سم .
504 _aيشتمل على ارجاعات ببليوجرافية
650 0 7 _2qrmak
_aالاتصالات
_xعلم نفس .
650 0 7 _2qrmak
_aلغة الجسد .
650 0 7 _2qrmak
_aالتحليل النفسى
942 _2ddc
_cBK
999 _c66093
_d66093